KHADGALAKSANA SRIOMANI OF NAVANAPPA (Record no. 9047)

MARC details
000 -LEADER
fixed length control field 00395nam a22001577a 4500
005 - DATE AND TIME OF LATEST TRANSACTION
control field 20260227115131.0
008 - FIXED-LENGTH DATA ELEMENTS--GENERAL INFORMATION
fixed length control field 260227b |||||||| |||| 00| 0 eng d
041 ## - LANGUAGE CODE
Language code of text/sound track or separate title eng
082 ## - DEWEY DECIMAL CLASSIFICATION NUMBER
Classification number 355.824 JAI-K
100 ## - MAIN ENTRY--AUTHOR NAME
Personal name JAIKISHAN,S
245 ## - TITLE STATEMENT
Title KHADGALAKSANA SRIOMANI OF NAVANAPPA
260 ## - PUBLICATION, DISTRIBUTION, ETC. (IMPRINT)
Place of publication NEW DELHI
Name of publisher INDIAN NATIONAL SCIENCE ACADM
300 ## - PHYSICAL DESCRIPTION
Number of Pages T49;P
650 ## - SUBJECT ADDED ENTRY--TOPICAL TERM
Topical Term BGP
942 ## - ADDED ENTRY ELEMENTS (KOHA)
Koha item type Books
Holdings
Lost status Damaged status Collection code Home library Current library Shelving location Date acquired Source of acquisition Cost, normal purchase price Full call number Accession Number Koha item type
    BHARTIYA GYAN PARAMPARA JRU Library JRU Library KAUTILYA BOOK SANGRAH 27/02/2026 INDIAN NATIONAL SCIENCE ACADEMY 640.00 355.824 JAI-K 29283 Books